[Event "Asbestos Gourmands Festival"]
[Site "Asbestos"]
[Date "1992.08.15"]
[Round "3"]
[White "Morin, Louis"]
[Black "Davignon, Didier"]
[Result "1-0"]
[WhiteElo "1994"]
[BlackElo "1765"]
[PlyCount "87"]
[EventDate "1992.08.14"]
[EventType "swiss"]
[EventRounds "5"]
[EventCountry "CAN"]
[SourceTitle "EXT 2022"]
[Source "ChessBase"]
[SourceDate "2021.10.06"]
[SourceVersion "1"]
[SourceVersionDate "2021.10.06"]
[SourceQuality "1"]

1. e4 c5 2. d4 e6 3. Nf3 cxd4 4. c3 d5 5. exd5 Qxd5 6. cxd4 Nf6 7. Nc3 Qd8 8. Bd3 Nc6 9. 0-0 a6 10. Re1 Be7 11. a3 0-0 12. Bc2 b5 13. Qd3 g6 14. Bh6 Re8 15. Rad1 Bb7 16. Qe2 b4 17. axb4 Nxb4 18. Ba4 Bc6 19. Ne5 Bxa4 20. Nxa4 Nfd5 21. Nc3 Bg5 22. Bxg5 Qxg5 23. Ne4 Qe7 24. Qd2 h5 25. Qh6 Qf8 26. Qd2 Qe7 27. Rc1 Rec8 28. Rxc8+ Rxc8 29. Rc1 Rc7 30. Qh6 Nc2 31. Ng5 Qf6 32. Qh7+ Kf8 33. Ngxf7 Rxf7 34. Qxf7+ Qxf7 35. Nxf7 Nxd4 36. Rd1 Ne2+ 37. Kf1 Ng3+ 38. hxg3 Kxf7 39. Ra1 Nb4 40. Ke2 Kf6 41. Ra4 Nd5 42. Rxa6 Ke5 43. Ra5 g5 44. Kd3 1-0